00415nam a2200121Ia 4500008004100000245005400041245003700095260000900132650001200141856004800153999001900201952007300220171211s9999 xx 000 0 und d aLiterary Studies and the Philosophy of Literature cAndrea Selleri and Philip Gaydon c2016 xCULTURE uhttp://down.ebook777.com/062/3319331469.pdf c347822d347822 001040aCLbCLd2017-12-11l0r2017-12-11 00:00:00w2017-12-11yCBE